El auténtico liderazgo : (Record no. 23012)

000 -CABECERA
fixed length control field 00792nam a22002297i 4500
003 - IDENTIFICADOR DEL NÚMERO DE CONTROL
control field AR-CdUCM
008 - DATOS DE LONGITUD FIJA--INFORMACIÓN GENERAL
fixed length control field 240827b20222022 sp||||| |||| 00| 0 spa d
020 ## - NÚMERO INTERNACIONAL ESTÁNDAR DEL LIBRO
ISBN 978-84-949493-0-2
040 ## - FUENTE DE LA CATALOGACIÓN
Agencia/entidad que catalogó originalmente la obra MUNICIPALIDAD PROVINCIAL DEL CUSCO
Entidad que transcribió la catalogación BIBLIOTECA MUNICIPAL DEL CUSCO
082 ## - NÚMERO DE LA CLASIFICACIÓN DECIMAL DEWEY
No. de Clasificación 158 / H22A
Notacion interna H22A
100 ## - ENTRADA PRINCIPAL--NOMBRE DE PERSONA
Nombre Personal Harvard Business Review
245 ## - MENCIÓN DE TÍTULO
Título El auténtico liderazgo :
Resto del título Inteligencia Emocional /
260 ## - PUBLICACIÓN, DISTRIBUCIÓN, ETC.
Lugar de publicación, distribución, etc. España :
Nombre de la editorial, distribuidor, etc. Reverté Management,
Fecha de publicación, distribución, etc. 2022
300 ## - DESCRIPCIÓN FÍSICA
Nº de Páginas Extensión 161 páginas. :
Dimensiones 18 cm
505 ## - NOTA DE CONTENIDO CON FORMATO
Nota de contenido formateada Descubre tu auténtico liderazgo -- Practica una empatía fuerte -- ¿Los líderes son demasiado sensibles?
650 ## - PUNTO DE ACCESO ADICIONAL DE MATERIA--TÉRMINO DE MATERIA
Descriptor Liderazgo
9 (RLIN) 3124
650 ## - PUNTO DE ACCESO ADICIONAL DE MATERIA--TÉRMINO DE MATERIA
Descriptor Coaching
9 (RLIN) 50238
650 ## - PUNTO DE ACCESO ADICIONAL DE MATERIA--TÉRMINO DE MATERIA
Descriptor Mindfulness
9 (RLIN) 50274
942 ## - ELEMENTOS DE PUNTO DE ACCESO ADICIONAL (KOHA)
Fuente de clasificación
Tipo de item Libros-BMC
945 ## - PROCESAMIENTO DE INFORMACIÓN LOCAL (OCLC)
Catalogador pbj
AAAA-MM-DD - Fecha de ingreso o modificacion 2024-08-27
Holdings
Estado de retiro (separado) Fuente de clasificación o esquema de estanterías Estado dañado Ubicación Sala donde se ubica Nombre de la colección Fecha de adquisición o compra Fuente de adquisición Costo, precio normal en soles Signatura topográfica Código de Barras Última vez visto (Koha) Tipo de ítem (Koha)
No     Sala Humanidades Sala Humanidades Book Cart 2024-08-27 Donación 10.00 158 / H22A SH0000016808 2024-08-27 Libros-BMC

Powered by Koha